000
00289nam a2200121Ia 4500
008
190216s9999||||xx |||||||||||||| ||und||
100
_a
Mankar V G
245
0
_a
Economic Policy And Planning
260
_b
Wiley Eastern Ltd
_c
1990
300
_a
425 pages
650
_a
Economics
942
_c
BK
999
_c
9842
_d
9842